ဒုက္ခကို မြိန်ရေရှက်ရေ ခံစားနေသော... / (Record no. 27122)

000 -LEADER
fixed length control field 00812nam a22001817a 4500
005 - DATE AND TIME OF LATEST TRANSACTION
control field 20260123085125.0
008 - FIXED-LENGTH DATA ELEMENTS--GENERAL INFORMATION
fixed length control field 230713b ||||| |||| 00| 0 eng d
040 ## - CATALOGING SOURCE
Transcribing agency SSBUL
Modifying agency SSBUL
082 ## - DEWEY DECIMAL CLASSIFICATION NUMBER
Edition number 23
Classification number ၂၉၄.၃ ဝဏ် ၁၆၀၁၇ (S-SAT)
100 ## - MAIN ENTRY--PERSONAL NAME
Personal name ဝဏ္ဏ၊
Titles and words associated with a name မောင်။
245 ## - TITLE STATEMENT
Title ဒုက္ခကို မြိန်ရေရှက်ရေ ခံစားနေသော... /
Statement of responsibility, etc. မောင်ဝဏ္ဏ။
260 ## - PUBLICATION, DISTRIBUTION, ETC.
Place of publication, distribution, etc. ရန်ကုန်၊
Name of publisher, distributor, etc. ပုဂံစာအုပ်တိုက်၊
Date of publication, distribution, etc. ၂၀၀၅။
300 ## - PHYSICAL DESCRIPTION
Extent ၂၃၈ စာမျက်နှာ၊
Dimensions ၂၁ စင်တီ။
440 ## - SERIES STATEMENT/ADDED ENTRY--TITLE
Title စာစဉ်အမှတ် (၂၈၈)။
9 (RLIN) 27872
500 ## - GENERAL NOTE
General note S-SAT: Dr. Prof Sai Aung Tun
650 ## - SUBJECT ADDED ENTRY--TOPICAL TERM
Topical term or geographic name entry element ဗုဒ္ဓဘာသာ။
942 ## - ADDED ENTRY ELEMENTS (KOHA)
Source of classification or shelving scheme
Koha item type Books (Long term)
Holdings
Withdrawn status Lost status Source of classification or shelving scheme Damaged status Not for loan Collection code Permanent Location Current Location Shelving location Date acquired Total Checkouts Full call number Barcode Date last seen Price effective from Koha item type Accession
          Special Collections Shan State Buddhist University Library Shan State Buddhist University Library Special Collection Shelves 13/07/2023   ၂၉၄.၃ ဝဏ် ၁၆၀၁၇ (S-SAT) MB00016017 13/07/2023 13/07/2023 Book (Short term) ၁၆၀၁၇ (S-SAT)

Library - 09407999929
Admin Office - 09407999979
Dean Office - 09250910768
Registrar Office - 09892297154
Email - [email protected]
Shan State Buddhist University, Phaya Phyu Taunggyi, Shan State, Myanmar.